[Event "51st ch-IND Premier 2013"]
[Site "Jalgaon IND"]
[Date "2013.12.27"]
[Round "10.1"]
[White "Debashis,D"]
[Black "Negi,P"]
[Result "1/2-1/2"]
[WhiteElo "2507"]
[BlackElo "2671"]

1.d4 d5 2.c4 e6 3.Nc3 c6 4.Nf3 Nf6 5.Bg5 h6 6.Bxf6 Qxf6 7.e3 Nd7 8.Bd3 g6
9.O-O Bg7 10.e4 dxc4 11.Bxc4 O-O 12.e5 Qe7 13.Qe2 b5 14.Bd3 Bb7 15.Be4 Rac8
16.Rac1 Nb6 17.Nd2 b4 18.Ncb1 c5 19.dxc5 Nd5 20.Nb3 Bxe5 21.Rfe1 Rfd8 22.g3 Qf6
23.Rc2 Bc7 24.N1d2 a5 25.Nf3 e5 26.Rd1 Ba6 27.Qe1 Ne7 28.c6 Bb5 29.Rdc1 Bb6
30.Nxa5 Bxa5 31.Rc5 Bxc6 32.Rxa5 Bxe4 33.Rxc8 Nxc8 34.Qxe4 Nd6 35.Qh4 g5
36.Qh5 Nc4 37.Rc5 Nxb2 38.Nxe5 Kg7 39.Rc7 Rf8 40.Qe2 Re8 41.Qxb2  1/2-1/2

[Event "51st ch-IND Premier 2013"]
[Site "Jalgaon IND"]
[Date "2013.12.28"]
[Round "11.7"]
[White "Negi,P"]
[Black "G.,A"]
[Result "1-0"]
[WhiteElo "2671"]
[BlackElo "2343"]

1.e4 c5 2.Nc3 Nc6 3.Nge2 e5 4.Ng3 g6 5.Bc4 Bg7 6.d3 Nge7 7.h4 h6 8.f4 exf4
9.Bxf4 d6 10.Qd2 Be6 11.Nd5 Ne5 12.O-O-O Bxd5 13.Bxd5 Nxd5 14.exd5 Qd7 15.Rhe1 O-O-O
16.Ne4 Qc7 17.Kb1 f5 18.Nc3 Qd7 19.d4 cxd4 20.Qxd4 Kb8 21.Qb4 Rc8 22.Be3 Rc4
23.Qb3 Rhc8 24.Nb5 b6 25.Nd4 Kb7 26.g3 Ng4 27.Nc6 Re4 28.Bg1 Rce8 29.Rxe4 Rxe4
30.Qa3 a6 31.Bxb6 Ne5 32.Bd4 Nxc6 33.dxc6+ Qxc6 34.Bxg7  1-0

[Event "51st ch-IND Premier 2013"]
[Site "Jalgaon IND"]
[Date "2013.12.29"]
[Round "12.2"]
[White "Stany,G"]
[Black "Negi,P"]
[Result "1-0"]
[WhiteElo "2397"]
[BlackElo "2671"]

1.e4 c5 2.Nf3 e6 3.d4 cxd4 4.Nxd4 Nf6 5.Nc3 d6 6.h3 Nc6 7.g4 d5 8.exd5 Nxd5
9.Bg2 Bb4 10.Ne2 h5 11.g5 Nxc3 12.Qxd8+ Nxd8 13.Nxc3 Bxc3+ 14.bxc3 Bd7 15.Be3 Bc6
16.O-O Bxg2 17.Kxg2 Nc6 18.Rfd1 Rd8 19.c4 O-O 20.Rab1 Rxd1 21.Rxd1 Rc8 22.Rd7 b6
23.a4 Ne5 24.Rxa7 Nxc4 25.Bd4 e5 26.Ba1 Rc5 27.Kf3 Nd6 28.Ra6 e4+ 29.Kf4 Rf5+
30.Ke3 Rxg5 31.Rxb6 Rd5 32.Rb4 Rf5 33.Bd4 Rf3+ 34.Ke2 Rxh3 35.a5 Nf5 36.Bb2 Rh2
37.a6 Ng3+ 38.Ke1 Rh1+ 39.Kd2  1-0

[Event "Graz Casino Open 2014"]
[Site "Graz AUT"]
[Date "2014.02.14"]
[Round "1.4"]
[White "Negi,P"]
[Black "Stagl,M"]
[Result "1-0"]
[WhiteElo "2633"]
[BlackElo "2155"]

1.e4 d5 2.exd5 Qxd5 3.Nc3 Qa5 4.d4 Nf6 5.Bc4 Bf5 6.Bd2 c6 7.Nf3 e6 8.Nd5 Qd8
9.Nxf6+ gxf6 10.Qe2 Nd7 11.O-O-O Qc7 12.Nh4 Bg6 13.f4 f5 14.Bxe6 fxe6 15.Qxe6+ Kd8
16.d5 Bb4 17.Bxb4 Re8 18.Nxg6 hxg6 19.Qxg6 Qxf4+ 20.Bd2 Qa4 21.d6 f4 22.Rhe1  1-0

[Event "Graz Casino Open 2014"]
[Site "Graz AUT"]
[Date "2014.02.16"]
[Round "3.3"]
[White "Negi,P"]
[Black "Barbosa,Ev"]
[Result "1-0"]
[WhiteElo "2633"]
[BlackElo "2459"]

1.e4 c5 2.Nf3 e6 3.d4 cxd4 4.Nxd4 Nc6 5.Nb5 d6 6.c4 Nf6 7.N1c3 a6 8.Na3 b6
9.Be2 Bb7 10.O-O Be7 11.Be3 O-O 12.Qb3 Nd7 13.Rfd1 Nc5 14.Qc2 Bf6 15.Rab1 Nb4
16.Qd2 Bxc3 17.bxc3 Nxe4 18.Qb2 Nxa2 19.Bxb6 Qg5 20.Be3 Qa5 21.Bb6 Qg5 22.Be3 Qa5
23.Qxa2 Nxc3 24.Qd2 Qxa3 25.Rxb7 Nxd1 26.Qxd1 Rab8 27.Rxb8 Rxb8 28.h4 a5
29.c5 dxc5 30.Qd6 Qb2 31.Bd3 Qb6 32.Qg3 Rd8 33.Bg5 Rd5 34.Bf6 g6 35.Be4 Rd1+
36.Kh2 Qd6 37.Be5 Qe7 38.h5 g5 39.Qf3 Rd7 40.Bc6 Ra7 41.Qb3 Qd8 42.h6 Ra6
43.Qb5 Qb6 44.Qd3 Ra7 45.Bf6 c4 46.Qd2 Qc5 47.Be4  1-0

[Event "Graz Casino Open 2014"]
[Site "Graz AUT"]
[Date "2014.02.16"]
[Round "4.2"]
[White "Melkumyan,H"]
[Black "Negi,P"]
[Result "1/2-1/2"]
[WhiteElo "2589"]
[BlackElo "2633"]

1.d4 d5 2.c4 e6 3.Nf3 Nf6 4.Bg5 Be7 5.Nc3 h6 6.Bh4 O-O 7.e3 Ne4 8.Bxe7 Qxe7
9.Rc1 c6 10.Bd3 Nxc3 11.Rxc3 Nd7 12.O-O dxc4 13.Rxc4 e5 14.Bc2 exd4 15.Rxd4 Nf6
16.e4 c5 17.Rd2 Nxe4 18.Re2 f5 19.Qd5+ Qe6 20.Bb3 Qxd5 21.Bxd5+ Kh7 22.Ne5 Nf6
23.Bf7 f4 24.Bg6+ Kg8  1/2-1/2

[Event "Graz Casino Open 2014"]
[Site "Graz AUT"]
[Date "2014.02.17"]
[Round "5.1"]
[White "Negi,P"]
[Black "Ragger,M"]
[Result "1-0"]
[WhiteElo "2633"]
[BlackElo "2646"]

1.e4 c6 2.d4 d5 3.Nd2 dxe4 4.Nxe4 Bf5 5.Ng3 Bg6 6.h4 h6 7.Nf3 Nf6 8.Ne5 Bh7
9.Bd3 Nbd7 10.Bxh7 Nxe5 11.dxe5 Qa5+ 12.Kf1 Nxh7 13.e6 Qd5 14.Qxd5 cxd5 15.Ne2 g6
16.Nf4 d4 17.Bd2 Bg7 18.Rh3 Nf8 19.exf7+ Kxf7 20.Rf3 Bf6 21.Re1 Nd7 22.Nd5 Rae8
23.c3 Kg7 24.cxd4 Bxh4 25.Bc3 Bf6 26.Nc7 Rc8 27.d5 Kg8 28.Bxf6 exf6 29.d6 Rd8
30.Rfe3 Ne5 31.f4 Nc6 32.Re8+ Kf7 33.R1e7+ Nxe7 34.Rxe7+ Kg8 35.Ne6  1-0

[Event "Graz Casino Open 2014"]
[Site "Graz AUT"]
[Date "2014.02.18"]
[Round "6.1"]
[White "Negi,P"]
[Black "Li Chao2"]
[Result "1/2-1/2"]
[WhiteElo "2633"]
[BlackElo "2697"]

1.e4 e5 2.Nf3 Nf6 3.Nxe5 d6 4.Nf3 Nxe4 5.Nc3 Nxc3 6.dxc3 Be7 7.Be3 Nc6 8.Qd2 Ne5
9.O-O-O Nxf3 10.gxf3 Be6 11.Rg1 g6 12.Qd4 Bf6 13.Qb4 O-O 14.Qxb7 Bxa2 15.b3 Rb8
16.Qd5 Bxc3 17.Bc4 Qf6 18.Rd4 Ba1 19.h4 Rbe8 20.Rdg4 Re5 21.Bd4 Bxd4 22.Qxd4 d5
23.Bd3 c5 24.Qxc5 Qe6 25.Kb2 Bxb3 26.cxb3 Rc8 27.Qd4 Re1 28.Rxe1 Qxe1 29.Bc2 Qe2
30.Qd3 Qxf2 31.h5 Rc6 32.h6 Qh2 33.Rc4 Rxc4 34.bxc4 Qb8+ 35.Bb3 dxc4 36.Qxc4 Qe5+
37.Kc2 Qf5+ 38.Qe4 Qc5+ 39.Kb2 Qf2+ 40.Ka3 Qc5+ 41.Ka4 Kf8 42.Qa8+ Ke7 43.Qb7+ Kf6
44.Qxf7+  1/2-1/2

[Event "Graz Casino Open 2014"]
[Site "Graz AUT"]
[Date "2014.02.19"]
[Round "7.2"]
[White "Bachmann,Ax"]
[Black "Negi,P"]
[Result "1/2-1/2"]
[WhiteElo "2577"]
[BlackElo "2633"]

1.d4 d5 2.c4 c6 3.Nf3 Nf6 4.e3 Bg4 5.Nc3 e6 6.Qb3 Qb6 7.Ne5 Bh5 8.h3 Nbd7
9.g4 Bg6 10.Nxg6 hxg6 11.Bg2 g5 12.Bd2 Be7 13.O-O-O Qxb3 14.axb3 O-O-O 15.Rhf1 Nb6
16.c5 Nbd7 17.b4 a6 18.f4 gxf4 19.exf4 Ne4 20.Nxe4 dxe4 21.f5 e5 22.dxe5 Nxe5
23.Kc2 Nc4 24.Bc1 e3 25.Rxd8+ Rxd8 26.Rd1 Nd2 27.Bxd2 exd2 28.Rxd2 Rxd2+
29.Kxd2 Bh4  1/2-1/2

[Event "Graz Casino Open 2014"]
[Site "Graz AUT"]
[Date "2014.02.20"]
[Round "8.1"]
[White "Negi,P"]
[Black "Istratescu,A"]
[Result "1/2-1/2"]
[WhiteElo "2633"]
[BlackElo "2671"]

1.e4 c5 2.Nf3 Nc6 3.d4 cxd4 4.Nxd4 g6 5.c4 Bg7 6.Be3 Nf6 7.Nc3 d6 8.f3 O-O
9.Be2 Nxd4 10.Bxd4 Be6 11.Rc1 Qa5 12.Qd2 Rfc8 13.b3 a6 14.Be3 b5 15.Nd5 Nxd5
16.Qxa5 Nxe3 17.Kf2 Bd4 18.Kg3 f5 19.cxb5 Rf8 20.exf5 axb5 21.Qd2 Nxf5+ 22.Kh3 Be3
23.Qb2 Nd4+ 24.Kg3 Nf5+ 25.Kh3 Nh4+ 26.Kg3 Nf5+  1/2-1/2

[Event "Graz Casino Open 2014"]
[Site "Graz AUT"]
[Date "2014.02.21"]
[Round "9.3"]
[White "Kozul,Z"]
[Black "Negi,P"]
[Result "1-0"]
[WhiteElo "2588"]
[BlackElo "2633"]

1.Nf3 Nf6 2.c4 c5 3.g3 d5 4.cxd5 Nxd5 5.Bg2 Nc6 6.Nc3 Nc7 7.d3 e5 8.Nd2 Bd7
9.O-O Be7 10.Nc4 f6 11.f4 b5 12.Ne3 exf4 13.gxf4 O-O 14.f5 Kh8 15.Ned5 Nxd5
16.Nxd5 Bd6 17.e4 Be8 18.Be3 Bf7 19.Rc1 Bxd5 20.exd5 Nd4 21.Be4 Qe7 22.b4 Rad8
23.Qd2 g6 24.bxc5 Be5 25.Qf2 Nxf5 26.Bxf5 gxf5 27.d6 Qe8 28.Qf3 Rg8+ 29.Kh1 Rg4
30.Qxf5 Rh4 31.Rc2 Qc6+ 32.Qf3 Rxd6 33.cxd6 Qxc2 34.Qa8+  1-0

[Event "Bundesliga 2013-14"]
[Site "Hamburg GER"]
[Date "2014.02.22"]
[Round "9"]
[White "Areshchenko, Alexander"]
[Black "Negi, Parimarjan"]
[Result "1-0"]
[WhiteElo "2714"]
[BlackElo "2671"]

1.e4 c5 2.Nf3 e6 3.d4 cxd4 4.Nxd4 Nc6 5.Nc3 Qc7 6.Be2 Nf6 7.O-O Be7 8.Be3 O-O
9.f4 d6 10.Kh1 Nxd4 11.Qxd4 a6 12.a4 Bd7 13.e5 Ne8 14.Bf3 Bc6 15.Ne4 Bd5
16.b3 dxe5 17.fxe5 f6 18.c4 fxe5 19.Qd3 Bc6 20.Bg4 Nf6 21.Ng5 e4 22.Bxe6+ Kh8
23.Qc3 Be8 24.Bd4 Qc6 25.Bf5 Bd7 26.Qh3 Bxf5 27.Qxf5 Qd7 28.Qxd7 Nxd7 29.Nxe4 Rae8
30.g3 Kg8 31.Kg2 Bb4 32.Rxf8+ Nxf8 33.Kf3 Rd8 34.Ke3 Ne6 35.Bb6 Rd7 36.Rf1 h6
37.Rf5 Rd1 38.Rd5 Rb1 39.Rd3 Kf8 40.h4 h5 41.Ke2 Ke7 42.Be3 a5 43.Nc3 Bxc3
44.Rxc3 Kd6 45.Rd3+ Kc6 46.Kf3 g6 47.Ke4 Re1 48.Rd5 b6 49.Kf3 Rf1+ 50.Ke2 Rf5
51.Rb5 Nc5 52.Bxc5 Rxc5 53.Ke3 Rxb5 54.cxb5+ Kd5 55.Kd3  1-0

[Event "Bundesliga 2013-14"]
[Site "Hamburg GER"]
[Date "2014.02.23"]
[Round "10"]
[White "Negi, Parimarjan"]
[Black "Kempinski, Robert"]
[Result "1-0"]
[WhiteElo "2671"]
[BlackElo "2585"]

1.e4 c5 2.Nf3 Nc6 3.d4 cxd4 4.Nxd4 e5 5.Nb5 d6 6.N1c3 a6 7.Na3 Be7 8.Be3 Nf6
9.Nc4 Be6 10.Nb6 Rb8 11.Be2 Nxe4 12.Nxe4 d5 13.Bg4 dxe4 14.Bxe6 Qxd1+ 15.Rxd1 fxe6
16.c3 Rd8 17.Ke2 Kf7 18.b4 h5 19.a4 Bf6 20.Nc4 Kg6 21.Rxd8 Rxd8 22.Rd1 Rd5
23.Nb6 Rxd1 24.Kxd1 Ne7 25.Nc4 Nd5 26.Kd2 Be7 27.b5 axb5 28.axb5 Nxe3 29.Kxe3 Kf5
30.Na5 b6 31.Nc4 Bc5+ 32.Ke2 Kf6 33.h4 g6 34.g3 Kf5 35.Nb2 Be7 36.Na4 Bd8
37.c4 Kf6 38.Nc3 Kf5 39.Na4 Kf6 40.c5 bxc5 41.Nxc5 Ke7 42.Nxe4 Bb6 43.Nd2 Kd7
44.Nf3 Kd6 45.Ng5 Ke7 46.Kf3 Bd4 47.Nh3 Bb6 48.Ke4 Kf6 49.f3 Ke7 50.g4 Kd6
51.g5 Ba5 52.Nf2 Be1 53.Nd3 Bxh4 54.Nxe5 Bg3 55.f4 Kc5 56.Nxg6 Kxb5 57.Ne5 Bh4
58.Nf3  1-0

[Event "Bundesliga 2013-14"]
[Site "Katernberg GER"]
[Date "2014.03.15"]
[Round "11"]
[White "Negi,P"]
[Black "Jussupow,Ar"]
[Result "1/2-1/2"]
[WhiteElo "2671"]
[BlackElo "2587"]

1.e4 e5 2.Nf3 Nf6 3.Nxe5 d6 4.Nf3 Nxe4 5.Nc3 Nxc3 6.dxc3 Be7 7.Be3 Nc6 8.Qd2 Be6
9.O-O-O Qd7 10.h4 h6 11.a3 Bf6 12.Nd4 Nxd4 13.Bxd4 Bxd4 14.Qxd4 O-O 15.Be2 Rae8
16.Rde1 c5 17.Qf4 Bd5 18.Bd3 Rxe1+ 19.Rxe1 Re8 20.Rxe8+ Qxe8 21.Kd2 Qe5  1/2-1/2

[Event "Bundesliga 2013-14"]
[Site "Katernberg GER"]
[Date "2014.03.16"]
[Round "12"]
[White "Howell,D"]
[Black "Negi,P"]
[Result "1/2-1/2"]
[WhiteElo "2644"]
[BlackElo "2671"]

1.c4 g6 2.Nc3 c5 3.g3 Bg7 4.Bg2 Nc6 5.Nf3 d6 6.O-O e5 7.a3 a5 8.Ne1 Be6 9.d3 Nge7
10.Nc2 d5 11.cxd5 Nxd5 12.Ne3 Nb6 13.Na4 Nxa4 14.Bxc6+ bxc6 15.Qxa4 O-O 16.Qxc6 Qd4
17.Nc2 Qd8 18.Ne3 Qd4 19.Nc2 Qd8 20.Ne3  1/2-1/2

[Event "Bundesliga 2013-14"]
[Site "Eppingen GER"]
[Date "2014.04.04"]
[Round "13"]
[White "Negi,P"]
[Black "Pruijssers,R"]
[Result "1/2-1/2"]
[WhiteElo "2671"]
[BlackElo "2529"]

1.e4 e5 2.Nf3 Nc6 3.Bb5 f5 4.d3 fxe4 5.dxe4 Nf6 6.O-O Bc5 7.Nc3 d6 8.Bg5 O-O
9.Nd5 Kh8 10.Nh4 Nd4 11.Bc4 b5 12.Bd3 c6 13.Bxf6 gxf6 14.Ne3 Ne6 15.a4 b4
16.Nef5 Ng7 17.Qf3 Nxf5 18.Nxf5 Bxf5 19.Qxf5 Qc8 20.Qh5 Qe8 21.Qf5 Qc8 22.Qxc8 Raxc8
23.Rad1 Rce8 24.g4 Re7 25.Be2 Rd8 26.Rd3 Red7 27.Rfd1 a5 28.Kg2 Rb7 29.Rf3 Kg7
30.Bc4 Bd4 31.c3 bxc3 32.bxc3 Bc5 33.Rd2 Rb1 34.Be6 Ba3 35.Rf5 Re1 36.g5 fxg5
37.f3 Bc1 38.Rf7+ Kg6 39.Rc2 Re8 40.Ba2 Ba3 41.h4 gxh4 42.Kh2 h3 43.Kxh3 Rh1+
44.Kg2 Rh5 45.f4 exf4 46.Rxf4 Rg5+ 47.Kf1 d5 48.Rg2 Bc1 49.Rff2 Re5 50.exd5 cxd5
51.Bb1+ Kg7 52.Rxg5+ Bxg5 53.Rf5 Bf6  1/2-1/2

[Event "Bundesliga 2013-14"]
[Site "Eppingen GER"]
[Date "2014.04.05"]
[Round "14"]
[White "Negi,P"]
[Black "Richter,Mic"]
[Result "1/2-1/2"]
[WhiteElo "2671"]
[BlackElo "2473"]

1.e4 c5 2.Nf3 Nc6 3.Nc3 e5 4.Bc4 Be7 5.d3 Nf6 6.O-O O-O 7.Ng5 Nd4 8.f4 d5
9.exd5 exf4 10.Bxf4 b5 11.Nxb5 Nxb5 12.Bxb5 Nxd5 13.Qh5 h6 14.Nxf7 Rxf7 15.Qxf7+ Kxf7
16.Bc7+ Nf6 17.Bxd8 Bxd8 18.Bc4+ Kg6 19.Rae1 Rb8 20.b3 Ba5 21.Re2 Rb6 22.Rf3 Bc3
23.Re7 Kh7 24.Rxa7 Bb7 25.Rf4 Be5 26.Rf1 Bd4+  1/2-1/2

[Event "Bundesliga 2013-14"]
[Site "Eppingen GER"]
[Date "2014.04.06"]
[Round "15"]
[White "Michalik,P"]
[Black "Negi,P"]
[Result "0-1"]
[WhiteElo "2584"]
[BlackElo "2671"]

1.d4 d5 2.c4 c6 3.Nf3 Nf6 4.e3 g6 5.Nc3 Bg7 6.Be2 O-O 7.O-O e6 8.Qc2 Nbd7
9.Rd1 Re8 10.b4 dxc4 11.Bxc4 b5 12.Bd3 a5 13.bxa5 Qxa5 14.Bd2 Qa3 15.e4 Ba6
16.Bc1 Qa5 17.e5 Nd5 18.Nxd5 cxd5 19.Bd2 b4 20.Bxa6 Rxa6 21.h4 Rea8 22.Rab1 Bf8
23.h5 Qb5 24.hxg6 hxg6 25.Rb2 Nb6 26.Ng5 Qc4 27.Qb1 Na4 28.Rb3 Nc3 29.Bxc3 bxc3
30.Qc1 c2 31.Re1 Qxd4 32.Nxf7 Rxa2 33.Qg5 Qxf2+ 34.Kxf2 c1=Q+ 35.Kf1 Qc2
36.Rf3 Ra1 37.Re3 Rxe1+ 38.Rxe1 Bc5 39.Nh6+ Kh7  0-1

[Event "13th Asian Continental 2014"]
[Site "Sharjah UAE"]
[Date "2014.04.17"]
[Round "1.6"]
[White "Negi,P"]
[Black "Vishnu,P"]
[Result "1/2-1/2"]
[WhiteElo "2640"]
[BlackElo "2465"]

1.e4 c5 2.Nf3 Nc6 3.Bb5 d6 4.Bxc6+ bxc6 5.e5 e6 6.O-O Ne7 7.exd6 Ng6 8.Nc3 Bxd6
9.d3 O-O 10.Ng5 f6 11.Nge4 Be7 12.Na4 e5 13.Nexc5 f5 14.c3 Rb8 15.b4 f4 16.f3 Nh4
17.Ne4 a5 18.bxa5 Qxa5 19.Nb2 Ba6 20.Nc4 Qd5 21.Qe2 Rfd8 22.Bd2 Ng6 23.Rfb1 Rxb1+
24.Rxb1 Bc5+ 25.Kh1 Ba7 26.Be1 Qxd3 27.Qxd3 Rxd3 28.Na5 Ne7 29.Bh4 Rd5 30.Bxe7 Rxa5
31.Bd6 Bd3 32.Re1 Rxa2 33.Bxe5 Bxe4 34.fxe4 Be3 35.h4 h6 36.Rf1 g5 37.hxg5 hxg5
38.g3 Rc2  1/2-1/2

[Event "13th Asian Continental 2014"]
[Site "Sharjah UAE"]
[Date "2014.04.18"]
[Round "2.15"]
[White "Lalith,B"]
[Black "Negi,P"]
[Result "1/2-1/2"]
[WhiteElo "2594"]
[BlackElo "2640"]

1.d4 Nf6 2.c4 e6 3.Nf3 d5 4.Nc3 c5 5.e3 Nc6 6.cxd5 exd5 7.Be2 cxd4 8.exd4 Be7
9.O-O O-O 10.Bf4 Ne4 11.Rc1 Nxc3 12.Rxc3 Bb4 13.Rc1 Bd6 14.Bxd6 Qxd6 15.Re1 Qb4  1/2-1/2

[Event "13th Asian Continental 2014"]
[Site "Sharjah UAE"]
[Date "2014.04.19"]
[Round "3.13"]
[White "Negi,P"]
[Black "Munkhgal,G"]
[Result "1-0"]
[WhiteElo "2640"]
[BlackElo "2424"]

1.e4 e6 2.d4 d5 3.Nc3 Nf6 4.e5 Nfd7 5.f4 c5 6.Nf3 Nc6 7.Be3 Be7 8.Qd2 O-O
9.dxc5 Bxc5 10.O-O-O Qa5 11.a3 Rd8 12.Bd3 d4 13.Nxd4 Bxd4 14.Bxd4 Nxd4 15.Bxh7+ Kxh7
16.Qxd4 Kg8 17.Ne4 b6 18.h4 Ba6 19.h5 Qd5 20.Qb4 Qa2 21.Nd6 Nf8 22.h6 g6
23.h7+ Nxh7 24.f5 Rxd6 25.exd6 Qc4 26.Qd2 Qg4 27.Rxh7 Kxh7 28.Rh1+ Qh5 29.Rxh5+ gxh5
30.Qg5  1-0

[Event "13th Asian Continental 2014"]
[Site "Sharjah UAE"]
[Date "2014.04.20"]
[Round "4.4"]
[White "Negi,P"]
[Black "Wen Yang"]
[Result "1/2-1/2"]
[WhiteElo "2640"]
[BlackElo "2581"]

1.e4 e5 2.Nf3 Nc6 3.d4 exd4 4.Nxd4 Nf6 5.Nxc6 bxc6 6.e5 Qe7 7.Qe2 Nd5 8.c4 Nb6
9.Nc3 Qe6 10.Qe4 g6 11.Bd3 Bg7 12.f4 O-O 13.O-O d6 14.Qxc6 dxe5 15.Qf3 Rb8
16.c5 Nc4 17.Qe2 Nxb2 18.Bxb2 exf4 19.Rae1 Qxe2 20.Rxe2 Bg4 21.Rc2 Rxb2 22.Rxb2 Bxc3
23.Rb7 Bd4+ 24.Kh1 Bxc5 25.Rxc7 Bb6 26.Rb7 Be6 27.a4 Rd8 28.a5 Bd5 29.Re7 Kf8
30.axb6 Kxe7 31.bxa7 Ba8 32.Re1+ Kf6 33.Bf1 Rd7 34.Ra1 Rd2 35.Kg1 g5 36.Ra6+ Ke7
37.h4 g4 38.Ra4 f3 39.Rxg4 f2+ 40.Kh2 Rd1 41.Bc4 f1=Q  1/2-1/2

[Event "13th Asian Continental 2014"]
[Site "Sharjah UAE"]
[Date "2014.04.21"]
[Round "5.11"]
[White "Debashis,D"]
[Black "Negi,P"]
[Result "1/2-1/2"]
[WhiteElo "2504"]
[BlackElo "2640"]

1.d4 Nf6 2.c4 e6 3.Nc3 Bb4 4.Nf3 c5 5.g3 Bxc3+ 6.bxc3 Qa5 7.Bd2 b6 8.Bg2 Bb7
9.O-O O-O 10.Qb3 Qa6 11.Bg5 Ne4 12.Bf4 Nc6 13.Ne5 Nxe5 14.dxe5 f6 15.Rad1 Rf7
16.f3 fxe5 17.Bxe5 Nf6 18.a3 Bc6 19.Rd2 Ne8 20.e4 Rd8 21.Bh3 Rc8 22.Bg2 Qa4
23.Qa2 Bb7 24.Rff2 h6 25.Bf1 Qc6 26.Qc2 d6 27.Bf4 e5 28.Be3 Nf6 29.Bh3 Re8
30.Bf5 Rfe7 31.Qd1 Rd8  1/2-1/2

[Event "13th Asian Continental 2014"]
[Site "Sharjah UAE"]
[Date "2014.04.22"]
[Round "6.9"]
[White "Negi,P"]
[Black "Idani,P"]
[Result "1-0"]
[WhiteElo "2640"]
[BlackElo "2502"]

1.e4 e5 2.Nf3 Nc6 3.Bb5 a6 4.Ba4 Nge7 5.c3 g6 6.d4 exd4 7.cxd4 b5 8.Bc2 d5
9.exd5 Nxd5 10.O-O Be6 11.Nc3 Bg7 12.Bg5 Nxc3 13.bxc3 Qd7 14.Be4 f5 15.Bc2 Na5
16.Ne1 O-O 17.Nd3 Bc4 18.Re1 Rfe8 19.Rxe8+ Rxe8 20.a4 Nb7 21.axb5 axb5 22.Ra7 Qc6
23.Ne5 Bxe5 24.dxe5 Nc5 25.h4 Ne6 26.Bb3 Nxg5 27.hxg5 Bxb3 28.Qxb3+ Kg7 29.Qd1 Qxc3
30.e6 Re7 31.g3 f4 32.Ra8 h6 33.Re8  1-0

[Event "13th Asian Continental 2014"]
[Site "Sharjah UAE"]
[Date "2014.04.23"]
[Round "7.4"]
[White "Salem,AR"]
[Black "Negi,P"]
[Result "1/2-1/2"]
[WhiteElo "2561"]
[BlackElo "2640"]

1.e4 e5 2.Nf3 Nc6 3.Bb5 Nf6 4.d3 Bc5 5.c3 O-O 6.O-O d6 7.h3 Ne7 8.d4 Bb6
9.Re1 d5 10.Nxe5 Nxe4 11.Nd2 Nd6 12.Bd3 f6 13.Ng4 Bf5 14.Nf1 Ng6 15.Ng3 Bxd3
16.Qxd3 Qd7 17.Nh5 Qf5 18.Qxf5 Nxf5 19.a4 c6 20.Nf4 Rfe8 21.Rxe8+ Rxe8 22.Nd3 Bc7
23.a5 a6 24.Kf1 Bd6 25.b3 Kf7 26.Ne3 Nge7 27.Nd1 h5 28.N1b2 h4 29.Na4 Nc8
30.Bb2 Bc7 31.Nac5 Nfd6 32.Bc1 Na7 33.Bf4 Nab5 34.Bxd6 Nxd6 35.b4 Bb8 36.Re1 Rxe1+
37.Kxe1 Ba7 38.Ke2 Bxc5 39.Nxc5 g5 40.Ke3 Kg6 41.Kf3 f5  1/2-1/2

[Event "13th Asian Continental 2014"]
[Site "Sharjah UAE"]
[Date "2014.04.24"]
[Round "8.4"]
[White "Negi,P"]
[Black "Ghaem Maghami,E"]
[Result "1-0"]
[WhiteElo "2640"]
[BlackElo "2556"]

1.e4 d6 2.d4 Nf6 3.Nc3 e5 4.Nf3 Nbd7 5.Bc4 Be7 6.a4 O-O 7.O-O c6 8.h3 b6
9.Qe2 Qc7 10.Rd1 Bb7 11.Ba2 Rae8 12.Bg5 a6 13.dxe5 Nxe5 14.Nh4 b5 15.axb5 axb5
16.Nf5 b4 17.Na4 Ra8 18.Nb6 Ra6 19.Nc4 Nxc4 20.Bxc4 Rxa1 21.Rxa1 Bc8 22.Nxe7+ Qxe7
23.Re1 Qe5 24.Bxf6 Qxf6 25.e5 dxe5 26.Qxe5 Qg6 27.Bd3 Qe6 28.f4 Rd8 29.f5 Qxe5
30.Rxe5 Kf8 31.Rc5 Rd5 32.Rxd5 cxd5 33.Kf2 d4 34.Kf3 Bb7+ 35.Be4 Ba6 36.f6 h6
37.Bd5 d3 38.cxd3 Bxd3 39.Ke3 Bf1 40.Kd4 gxf6 41.b3 Ke7 42.Kc5 f5 43.Bf3 Kf6
44.Kxb4 Ke5 45.Kc5  1-0

[Event "13th Asian Continental 2014"]
[Site "Sharjah UAE"]
[Date "2014.04.25"]
[Round "9.2"]
[White "Kasimdzhanov,R"]
[Black "Negi,P"]
[Result "1/2-1/2"]
[WhiteElo "2693"]
[BlackElo "2640"]

1.d4 d5 2.c4 e6 3.Nf3 Nf6 4.Nc3 c6 5.e3 g6 6.Bd3 Bg7 7.O-O O-O 8.Qe2 Nbd7
9.b3 dxc4 10.bxc4 Re8 11.Qc2 e5 12.Ba3 exd4 13.exd4 Nf8 14.h3 Ne6 15.Ne2 Nh5
16.Rae1 Nhf4 17.Nxf4 Nxf4 18.Rxe8+ Qxe8 19.Re1 Be6 20.Bf1 Qd8 21.Bc1 Nh5
22.Bg5 Qa5 23.Qd2 Qxd2 24.Bxd2 h6 25.a4 Rd8 26.a5 g5 27.Be3 a6 28.Rb1 Bc8
29.Rc1 Nf6 30.Nd2 Bf8 31.Nb3 Bb4 32.g4 Ne8  1/2-1/2

[Event "Maharashtra TCh-IND League 2014"]
[Site "Pune IND"]
[Date "2014.06.11"]
[Round "1.2"]
[White "Prasanna,Ra"]
[Black "Negi,P"]
[Result "0-1"]
[WhiteElo "2427"]
[BlackElo "2643"]

1.e4 c5 2.Nf3 e6 3.d4 cxd4 4.Nxd4 Nc6 5.Nc3 Qc7 6.Be2 Nf6 7.O-O Be7 8.Be3 O-O
9.Kh1 d6 10.f4 Nxd4 11.Bxd4 e5 12.Be3 a6 13.a4 exf4 14.Bxf4 Be6 15.Nd5 Bxd5
16.exd5 Nd7 17.c4 a5 18.b3 g6 19.Bh6 Rfe8 20.Qd4 Bf8 21.Bxf8 Rxf8 22.Rae1 Rae8
23.Bd3 Re5 24.Qf4 f5 25.Qg5 Qd8 26.Qg3 Qe7 27.h3 Re8 28.Rxe5 Qxe5 29.Qf2 Qe3
30.Qc2 Nc5 31.Bxf5 Rf8 32.Qd1 Rxf5 33.Rxf5 gxf5 34.Qh5 Nxb3  0-1

[Event "Maharashtra TCh-IND League 2014"]
[Site "Pune IND"]
[Date "2014.06.12"]
[Round "2.1"]
[White "Thejkumar,M"]
[Black "Negi,P"]
[Result "0-1"]
[WhiteElo "2435"]
[BlackElo "2643"]

1.d4 Nf6 2.c4 e6 3.Nf3 b6 4.g3 Bb7 5.Bg2 Be7 6.O-O O-O 7.Nc3 Ne4 8.Bd2 f5
9.Qc2 Nxc3 10.Bxc3 Be4 11.Qd2 Bf6 12.Rfd1 d6 13.Ne1 Bxg2 14.Nxg2 Qe8 15.Qc2 Nd7
16.Re1 Qf7 17.e4 fxe4 18.Rxe4 e5 19.d5 b5 20.b3 bxc4 21.bxc4 Nc5 22.Re2 Rab8
23.f4 e4 24.Ne3 Rb6 25.Rf1 Rfb8 26.g4 Bxc3 27.Qxc3 Qf6 28.Qxf6 gxf6 29.g5 Rb2
30.Rff2 Rb1+ 31.Rf1 Rxf1+ 32.Kxf1 Nd3 33.Rd2 Rb1+ 34.Rd1 Rb2 35.Ng4 fxg5
36.Nf6+ Kg7 37.Nxe4 Nxf4 38.Nxg5 Rxh2 39.Rd4 Rh1+ 40.Kf2 Nh3+ 41.Kg2 Rg1+
42.Kxh3 Rxg5 43.c5 dxc5 44.Ra4 Kf6 45.Rxa7 Rg7 46.Ra5 c4 47.Rc5 Ke5 48.d6+ Kxd6
49.Rxc4 c5 50.a4 Kd5 51.Rc1 c4 52.a5 Ra7 53.Ra1 Kc5 54.a6  0-1

[Event "Maharashtra TCh-IND League 2014"]
[Site "Pune IND"]
[Date "2014.06.12"]
[Round "3.3"]
[White "Negi,P"]
[Black "Pujari,R"]
[Result "1-0"]
[WhiteElo "2643"]
[BlackElo "2136"]

1.e4 e5 2.Nf3 Nc6 3.Bb5 a6 4.Ba4 Nf6 5.O-O Be7 6.Re1 b5 7.Bb3 d6 8.c3 O-O
9.h3 Nb8 10.d4 Nbd7 11.Nbd2 Bb7 12.Bc2 Re8 13.Nf1 Bf8 14.Ng3 g6 15.b3 c6
16.Bg5 Bg7 17.Qd2 Qe7 18.Rad1 Rad8 19.c4 bxc4 20.bxc4 exd4 21.Nxd4 Ne5 22.f4 h6
23.Bh4 Nxc4 24.Qb4 Ne3 25.Rxe3 c5 26.Ndf5 gxf5 27.Qe1 Bc8 28.Nh5 Qe6 29.Nxg7 Kxg7
30.Qc3  1-0

[Event "Maharashtra TCh-IND League 2014"]
[Site "Pune IND"]
[Date "2014.06.13"]
[Round "4.6"]
[White "Padmini,R"]
[Black "Negi,P"]
[Result "1/2-1/2"]
[WhiteElo "2354"]
[BlackElo "2643"]

1.e4 e5 2.Nf3 Nc6 3.Bb5 a6 4.Ba4 Nge7 5.c3 g6 6.d4 exd4 7.cxd4 b5 8.Bb3 Bg7
9.O-O d6 10.h3 O-O 11.d5 Na5 12.Bd2 Nxb3 13.Qxb3 f5 14.e5 a5 15.Re1 a4 16.Qxb5 dxe5
17.Nxe5 Qxd5 18.Nc3 Qxb5 19.Nxb5 Rb8 20.Nc4 Nd5 21.Nc3 Ba6 22.Ne5 Rxb2 23.Bc1 Nxc3
24.Bxb2 Ne2+ 25.Rxe2 Bxe2 26.Rc1 a3 27.Bxa3 Ra8 28.Bb2 Rxa2 29.Bc3 Bb5 30.Ra1 Rxa1+
31.Bxa1 f4 32.g3 f3 33.g4 g5 34.Kh2 h6 35.Kg3 Be2 36.h4 Bf6 37.hxg5 hxg5
38.Bc3 Bg7 39.Bb2 Bh8 40.Ba1 Bg7 41.Bc3  1/2-1/2

[Event "Maharashtra TCh-IND League 2014"]
[Site "Pune IND"]
[Date "2014.06.13"]
[Round "5.3"]
[White "Swathi,G"]
[Black "Negi,P"]
[Result "1/2-1/2"]
[WhiteElo "2260"]
[BlackElo "2643"]

1.e4 c5 2.c3 d5 3.exd5 Qxd5 4.d4 Nc6 5.Nf3 Bf5 6.Be2 cxd4 7.cxd4 Bxb1 8.Rxb1 e6
9.O-O Nf6 10.Qa4 Bd6 11.Qc4 O-O 12.Bg5 Nb4 13.Bxf6 gxf6 14.a3 Rac8 15.Qxd5 Nxd5
16.Rfc1 Bf4 17.Rc4 Nb6 18.Rc5 Bd6 19.Rxc8 Rxc8 20.Bd3 Bf4 21.g3 Rc1+ 22.Ne1 Bd2
23.Kf1 f5 24.Ke2 Rxb1 25.Bxb1 Bxe1 26.Kxe1 Nc4 27.b3 Nxa3 28.Bd3 b5 29.b4 Kf8
30.Kd2 Ke7 31.Kc3 Kd6 32.Kb3 Nc4 33.Bxc4 bxc4+ 34.Kxc4 a6 35.f3 Kc6 36.Kc3 f6
37.f4 Kb5 38.Kb3 h6 39.h3 Kb6 40.Kc4 Kc6 41.Kc3 Kb7 42.Kc2 Kc7 43.Kd2 Kd7
44.Kc3 h5 45.Kd3 Kc6 46.Kc4 Kb6 47.Kc3 Kb5 48.Kb3 a5 49.bxa5 Kxa5 50.Kc4 Kb6
51.h4 Kc6 52.Kc3 Kb5 53.Kb3 Ka5 54.Ka3 Kb5 55.Kb3 Kc6 56.Kc4 Kd6 57.Kc3 Kd5
58.Kd3  1/2-1/2

[Event "TCh-IND League 1st Runner 2014"]
[Site "Pune IND"]
[Date "2014.06.15"]
[Round "1"]
[White "Bakre,T"]
[Black "Negi,P"]
[Result "1/2-1/2"]
[WhiteElo "2452"]
[BlackElo "2643"]

1.d4 d5 2.c4 e6 3.Nf3 Nf6 4.Nc3 c6 5.e3 g6 6.Be2 Bg7 7.O-O O-O 8.Qc2 Nbd7
9.Rd1 Re8 10.e4 dxe4 11.Nxe4 Nxe4 12.Qxe4 e5 13.dxe5 Qc7 14.Bf4 Nxe5 15.Nxe5 Bf5
16.Qd4 Bxe5 17.Bxe5 Rxe5 18.Bf3 a5 19.Re1 Rae8 20.Qc3 a4 21.h3 h5 22.Rad1 Rxe1+
23.Rxe1 Rxe1+ 24.Qxe1 Qd6 25.Qa5 Qf4 26.Qa8+ Kg7 27.Qxb7 Qc1+ 28.Kh2 Qf4+
29.Kg1  1/2-1/2